00359 2200145 4500001002100000005001500021035002000036245005200056100003100108300001200139260002800151082000800179084001400187990001200201INLIS00000000000201420250527084758 a0010-05250003061 aMedia Pembelajran /cRudi Susilana, Cepi Riyana0 aRudi Susilana, Cepi Riyana a232 hlm bCV. Wacana Prima,c2007 a370 a370 RUD m a0713276